Countries With Seven Letters - Statistics

General Stats
  • This quiz has been taken 478 times
    295 since last reset
  • The average score is 31 of 42
Answer Stats
country % Correct
Finland
93%
Germany
91%
Iceland
91%
Albania
88%
Ireland
88%
Algeria
87%
Armenia
87%
Belgium
86%
Austria
85%
Denmark
85%
Hungary
85%
Croatia
84%
Belarus
82%
Estonia
80%
Andorra
79%
Vietnam
79%
Bolivia
74%
Namibia
74%
Eritrea
73%
Morocco
73%
Nigeria
73%
Romania
73%
Ecuador
71%
Liberia
71%
Ukraine
71%
Bahamas
70%
Burundi
70%
Jamaica
70%
Uruguay
69%
Bahrain
68%
Tunisia
68%
Georgia
66%
Moldova
66%
Vanuatu
66%
Lesotho
65%
Grenada
64%
Senegal
63%
Somalia
61%
Lebanon
60%
Comoros
59%
Myanmar
54%
Czechia
51%
No matching quizzes found
Score Distribution
Percent of People with Each Score
Percentile by Number Answered
Your Score History
You have not taken this quiz since the last reset